[Event "Como Primavera op 9th"]
[Site "Como"]
[Date "2014.03.27"]
[Round "4"]
[White "Ciancio, Mario"]
[Black "Riva, Angelo Carlo"]
[Result "1-0"]
[WhiteElo "1563"]
[BlackElo "1500"]
[PlyCount "69"]
[EventDate "2014.03.06"]
[EventType "swiss"]
[EventRounds "7"]
[EventCountry "ITA"]
[SourceTitle "EXT 2015"]
[Source "ChessBase"]
[SourceDate "2014.11.20"]
[SourceVersion "1"]
[SourceVersionDate "2014.11.20"]
[SourceQuality "1"]

1. e4 e5 2. Nf3 Nc6 3. Bc4 h6 4. c3 Nf6 5. d4 Bd6 6. d5 Na5 7. Bd3 b6 8. b4 Nb7 9. a3 a5 10. Bb2 c6 11. c4 axb4 12. Bxe5 bxa3 13. Bxd6 Nxd6 14. e5 Qe7 15. 0-0 Nxc4 16. Bxc4 Nxd5 17. Bxd5 cxd5 18. Qxd5 Ra5 19. Qb3 b5 20. Rxa3 Rxa3 21. Nxa3 b4 22. Nc2 0-0 23. Qxb4 Qe6 24. Qd6 Qa2 25. Ne3 Ba6 26. Re1 Bb5 27. Nd5 Qa8 28. Nc7 Qa5 29. Nxb5 Qxb5 30. Rd1 Rd8 31. Qc7 Qb8 32. Qxb8 Rxb8 33. g3 Ra8 34. Nd4 g6 35. Nc6 1-0

[Event "Como op"]
[Site "Como"]
[Date "2007.05.25"]
[Round "7"]
[White "Grassetto, Gilberto"]
[Black "Ciancio, Mario"]
[Result "1/2-1/2"]
[WhiteElo "1933"]
[BlackElo "1569"]
[PlyCount "113"]
[EventDate "2007.04.13"]
[EventType "swiss"]
[EventRounds "7"]
[EventCountry "ITA"]
[SourceTitle "EXT 2010"]
[Source "ChessBase"]
[SourceDate "2010.11.25"]
[SourceVersion "1"]
[SourceVersionDate "2010.11.25"]
[SourceQuality "1"]

1. d4 d5 2. Nf3 Nf6 3. e3 e6 4. Nbd2 Nbd7 5. c4 c6 6. a3 dxc4 7. Bxc4 Be7 8. 0-0 0-0 9. b3 Nb6 10. Be2 Qc7 11. Bb2 Nbd5 12. Rc1 Bd7 13. Bd3 Be8 14. Bb1 Nd7 15. Qc2 g6 16. h4 f5 17. e4 N5f6 18. Ng5 Ng4 19. e5 Bf7 20. Nxf7 Kxf7 21. Nf3 h6 22. b4 a6 23. Ba2 Nb6 24. Qc3 Qd7 25. g3 Rac8 26. Nd2 h5 27. f3 Nh6 28. Qe3 Ng8 29. g4 Kg7 30. g5 Nd5 31. Bxd5 cxd5 32. Nb3 b6 33. f4 Rxc1 34. Rxc1 Rc8 35. Qd3 Qb7 36. Kf2 Kf7 37. Ke2 Ke8 38. b5 a5 39. a4 Kd7 40. Rc2 Bb4 41. Bc3 Qc7 42. Kd2 Bxc3+ 43. Rxc3 Qxc3+ 44. Qxc3 Rxc3 45. Kxc3 Ne7 46. Nc5+ bxc5 47. dxc5 Kc7 48. Kd4 Nc8 49. Kc3 Na7 50. b6+ Kb7 51. bxa7 Kxa7 52. Kd4 Kb7 53. Kc3 Kc7 54. Kd3 Kb7 55. Kc3 Kc7 56. Kd3 Kb7 57. Kc3 1/2-1/2

[Event "Como op"]
[Site "Como"]
[Date "2007.05.11"]
[Round "5"]
[White "Ciancio, Mario"]
[Black "Ghelfi, Giancarlo"]
[Result "1-0"]
[WhiteElo "1569"]
[BlackElo "1553"]
[PlyCount "73"]
[EventDate "2007.04.13"]
[EventType "swiss"]
[EventRounds "7"]
[EventCountry "ITA"]
[SourceTitle "EXT 2010"]
[Source "ChessBase"]
[SourceDate "2010.11.25"]
[SourceVersion "1"]
[SourceVersionDate "2010.11.25"]
[SourceQuality "1"]

1. e4 c5 2. Nf3 d6 3. d4 cxd4 4. Nxd4 Nf6 5. Nc3 a6 6. Be2 e5 7. Nb3 b5 8. a3 Bb7 9. Qd3 Be7 10. 0-0 0-0 11. f4 Nbd7 12. f5 Rc8 13. Be3 Nb6 14. Bxb6 Qxb6+ 15. Kh1 Rc4 16. Bf3 Rfc8 17. g4 b4 18. axb4 Rxb4 19. g5 Nd7 20. h4 f6 21. Rg1 Nc5 22. Nxc5 Qxc5 23. Rab1 Qf2 24. Rg4 Qd4 25. Rgg1 a5 26. Qe2 Qb6 27. Nd1 d5 28. Rg4 Ba6 29. Qg2 Rcc4 30. exd5 Rxg4 31. Bxg4 Qd4 32. c3 Qxg4 33. cxb4 Qxh4+ 34. Kg1 Bxb4 35. Nf2 fxg5 36. d6 Bxd6 37. Qd5+ 1-0